| 000 | 00655nam a2200205Ia 4500 | ||
|---|---|---|---|
| 005 | 20260121110241.0 | ||
| 008 | 008 260114s9999 xx 000 0 hin d | ||
| 020 | _a9788132367475 | ||
| 037 | _aEBOOK | ||
| 040 |
_aCRL _bhin _cCRL |
||
| 041 |
_ahin _2hin |
||
| 084 | _qCRL | ||
| 100 |
_aकविता दुबे / Kavita Dubey _9943890 |
||
| 245 | 0 | _aमानव समाज की अवधारणा / Manav Samaj Ki Avdharnayein | |
| 260 |
_bभाषा प्रकाशन / Bhasha Prakashan _c2021 |
||
| 856 | _uhttps://bhashaprakashan.com/product-details/379604 | ||
| 942 | _cEBOOK | ||
| 999 |
_c1535555 _d1535555 |
||